| Tag |
First Indicator |
Second Indicator |
Subfields |
| LEADER |
00000cam a2200000 a 4500 |
| 001 |
in00001402446 |
| 005 |
20151020055357.0 |
| 008 |
970311s1997 maua b 000 0 eng |
| 010 |
|
|
|a 97008302
|
| 020 |
|
|
|a 0262193884 (alk. paper)
|
| 035 |
|
|
|a (OCoLC)36582008
|
| 035 |
|
|
|9 AHN4317AM
|
| 040 |
|
|
|a DLC
|c DLC
|d PMC
|d TXA
|d UtOrBLW
|
| 049 |
|
|
|a TXAM
|
| 050 |
0 |
0 |
|a B808.9
|b .E86 1997
|
| 082 |
0 |
0 |
|a 126
|2 21
|
| 245 |
0 |
0 |
|a Explaining consciousness :
|b the "hard problem" /
|c edited by Jonathan Shear.
|
| 264 |
|
1 |
|a Cambridge, Mass. :
|b MIT Press,
|c [1997]
|
| 264 |
|
4 |
|c ©1997
|
| 300 |
|
|
|a vii, 422 pages :
|b illustrations ;
|c 26 cm.
|
| 336 |
|
|
|a text
|b txt
|2 rdacontent
|
| 337 |
|
|
|a unmediated
|b n
|2 rdamedia
|
| 338 |
|
|
|a volume
|b nc
|2 rdacarrier
|
| 500 |
|
|
|a "A Bradford book."
|
| 504 |
|
|
|a Includes bibliographical references.
|
| 505 |
0 |
|
|a Facing up to the problem of consciousness / David J. Chalmers -- Facing backwards on the problem of consciousness / Daniel C. Dennett -- The Hornswoggle problem / Patricia Smith Churchland -- Function and phenomenology : closing the explanatory gap / Thomas W. Clark -- The why of consciousness : a non-issue for materialists / Valerie Gray Hardcastle -- There is no hard problem of consciousness / Kieron O'Hara and Tom Scutt -- Should we expect to feel as if we understood consciousness? / Mark C. Price -- Consciousness and space / Colin McGinn -- Giving up on the hard problem of consciousness / Eugene O. Mills -- There are no easy problems of consciousness / E.J. Lowe -- The easy problems ain't so easy / David Hodgson -- Facing ourselves : incorrigibility and the mind-body problem / Richard Warner -- The hardness of the hard problem / William S. Robinson -- The nonlocality of mind / C.J.S. Clarke -- Conscious events as orchestrated space-time selections / Stuart R. Hameroff and Roger Penrose -- The hard problem : a quantum approach / Henry P. Stapp -- Physics, machines and the hard problem / Douglas J. Bilodeau -- Why neuroscience may be able to explain consciousness / Francis Crick and Christof Koch -- Understanding subjectivity : global workspace theory and the resurrection of the observing self / Bernard J. Baars -- The elements of consciousness and their neurodynamical correlates / Bruce MacLennan -- Consciousness, information and panpsychism / William Seager -- Rethinking nature : a hard problem within the hard problem / Gregg H. Rosenberg -- Solutions to the hard problem of consciousness / Benjamin Libet -- Turning 'the hard problem' upside down and sideways / Piet Hut and Roger N. Shepard -- The relation of consciousness to the material world / Max Velmans -- Neurophenomenology : a methodological remedy for the hard problem / Francisco J. Varela -- The hard problem : closng the empirical gap / Jonathan Shear -- Moving forward on the problem of consciousness / David J. Chalmers.
|
| 650 |
|
0 |
|a Consciousness.
|
| 700 |
1 |
|
|a Shear, J.
|q (Jonathan)
|
| 948 |
|
|
|a c:pk
|
| 999 |
|
|
|a MARS
|
| 999 |
f |
f |
|s d7e93655-cdd4-3fa9-93bf-1bb1ff650c7c
|i 23cd12fc-ece2-3839-bce7-379382f1af66
|t 0
|
| 952 |
f |
f |
|p normal
|a Texas A&M University
|b College Station
|c Sterling C. Evans Library
|d Evans: Library Stacks
|t 0
|e B808.9 .E86 1997
|h Library of Congress classification
|i unmediated -- volume
|m A14823388181
|
| 998 |
f |
f |
|a B808.9 .E86 1997
|t 0
|l Evans: Library Stacks
|